| 000 | 01176nam0a22003131 4500 | ||
|---|---|---|---|
| 001 | v19\rc\1770241 | ||
| 005 | 20061204162100.5 | ||
| 035 | _a(NLR Aleph) 004868031 | ||
| 090 |
_a5074195 _c5074195 |
||
| 100 | _a20061204d1914 |||y0rusy50 ca | ||
| 101 | 0 | _arus | |
| 102 | _aRU | ||
| 105 | _aa z ||||| | ||
| 200 | 1 |
_aГигиена _eДля старш. кл. гимназий, учительск. семинарий, фельдшерск. школ и проч. _f[Соч.] М.С. Уварова, препод. общ. и шк. гигиены на Высш. курсах при С.-Петерб. биол. лаб. |
|
| 205 | _a4-е изд., значит. доп. и испр. | ||
| 210 |
_aСанкт-Петербург _cК.Л. Риккер _d1914 |
||
| 215 |
_a[2], 220 с. _cил. _d24 |
||
| 700 | 1 |
_aУваров _bМ. С. _f1856-1927 _gМихаил Семенович |
|
| 801 | 0 |
_aRU _bNLR _gpsbo |
|
| 801 | 0 |
_aRU _bRuMoRGB _2psbo |
|
| 801 | 1 |
_aRU _bProSoft-M _2rusmarc |
|
| 852 |
_aNLR _j37.46.9.81 |
||
| 852 |
_aNLR _j130/7731 |
||
| 899 |
_aRuMoRGB _jV 24/165 |
||
| 899 |
_aRuMoRGB _jM 68/268 |
||
| 899 | _aБАН | ||
| 899 | _aНБ СПбГУ | ||
| 942 | _cBOOK | ||
| 980 | _aNB | ||